000 00769nam a2200241Ia 4500
001 16241
003 GE_BSU
008 181216s||||||||xx |||||||||||||| ||und||
020 _aISBN 978-9941-15-115-6
040 _cGE_BSU
080 _a821.353.1-31
100 _aუელბეკი, მიშელ
245 _aპლატფორმა
245 _bრომანი
245 _cფრანგ. თარგმნა ირმა ტაველიძემ; რედ. თეა ქიტოშვილი
260 _aთბილისი
260 _bბაკურ სულაკაურის გამ-ბა,
260 _c2009
300 _a301გვ;22სმ.
541 _h14ლ.
653 _aრომანი
942 _cBK
999 _c49325
_d49325